LIKVIDÁCIA ČIERNYCH SKLÁDOK V SLOVENSKÝCH MESTÁCH A OBCIACH

Bibliographic Details
Main Author: Kolektív (Author)
Format: Article
Language:Slovak

MARC

LEADER 00000nab a2200000ua 4500
001 vtls010767684
003 SK-MaSNL
005 20260304201634.0
008 250718s2011 xo |||||||||||||||||slo|
035 |a (urnnbn)urn:nbn:sk:snk:ar-a03rmn 
035 |a (uuid)79d81e66-4edb-4ed8-955e-f5e0daa2675b 
035 |a urn:nbn:sk:snk-ab5eco 
040 |a SNKBUCL  |b slo  |c SNKBUCL  |e AACR2 
041 0 |a slo 
044 |a xo  |c SK 
100 1 |a Kolektív  |4 aut  |9 1172640 
245 1 0 |a LIKVIDÁCIA ČIERNYCH SKLÁDOK V SLOVENSKÝCH MESTÁCH A OBCIACH  |c Kolektív 
773 0 |t Odpady : minimalizácia, zhodnocovanie a zneškodňovanie : odborný časopis pre podnikateľov, organizácie, štátnu správu a občanov  |g Roč. 11, č. 7 (2011), s. 24-26 
850 |a Slovenská národná knižnica 
852 |a Slovenská národná knižnica 
954 |a odborná, vedecká literatúra pôvodná (slovenská)  |2 lita 
958 |a article3 
958 |a OND 
958 |a EUIPO 
999 |c 3096621  |d 3098551